Place marketing, public and nonprofit marketing: case studies
Salvato in:
| Autore principale: | |
|---|---|
| Ente Autore: | |
| Altri autori: | , |
| Natura: | Libro |
| Lingua: | inglese |
| Pubblicazione: |
Banská Bystrica
BELIANUM
2017
|
| Soggetti: | |
| Tags: |
Nessun Tag, puoi essere il primo ad aggiungerne!!
|
MARC
| LEADER | 00000nam a2200000 4500 | ||
|---|---|---|---|
| 001 | 0239991 | ||
| 005 | 20240221114731.1 | ||
| 020 | |a 978-80-557-1313-7 | ||
| 041 | 0 | |a eng | |
| 044 | |a SK | ||
| 245 | 1 | 0 | |a Place marketing, public and nonprofit marketing: case studies |c Anna Vaňová, Katarína Vitálišová, Kamila Borseková |
| 264 | 1 | |a Banská Bystrica |b BELIANUM |c 2017 | |
| 300 | |a 98 s. | ||
| 610 | 2 | 0 | |a marketing územia |
| 610 | 2 | 0 | |a komunikácia marketingová |
| 610 | 2 | 0 | |a médiá sociálne |
| 610 | 2 | 0 | |a značky |
| 610 | 2 | 0 | |a mestá |
| 610 | 2 | 0 | |a kreativita |
| 610 | 2 | 0 | |a samospráva miestna |
| 610 | 2 | 0 | |a správanie |
| 610 | 2 | 0 | |a zodpovednosť |
| 610 | 2 | 0 | |a sektor verejný |
| 610 | 2 | 0 | |a rozpočty |
| 610 | 2 | 0 | |a marketing vzťahový |
| 610 | 2 | 0 | |a výhody konkurenčné |
| 100 | 1 | |a Vaňová, Anna | |
| 700 | 1 | |a Vitálišová, Katarína | |
| 700 | 1 | |a Borseková, Kamila | |
| 710 | 2 | |a Univerzita Mateja Bela v Banskej Bystrici. Ekonomická fakulta | |